banner koha

Irrigação para paredes verdes e vasos (Registro n. 329212)

MARC details
000 -LÍDER
fixed length control field 00710nab a2200229 4500
003 - CÓDIGO MARC DA AGÊNCIA CATALOGADORA
Campo de controle BR-BrBNA
005 - DATA E HORA DA ÚLTIMA ATUALIZAÇÃO
Campo de controle 20241212162017.0
008 - CAMPO DE TAMANHO FIXO
fixed length control field 241212b bl.||||| |||| 00| 0 por d
040 ## - FONTE DA CATALOGAÇÃO
Agência catalogadora BR-BrBNA
Idioma da catalogação por
072 ## - CATEGORIA AGRIS
Código AGRIS F06; N20 ; F01
Código do objeto 4630
100 ## - ENTRADA PRINCIPAL - NOME PESSOAL
Código relacionador Giacóia Neto, José
245 ## - TÍTULO PRINCIPAL
Título principal Irrigação para paredes verdes e vasos
500 ## - NOTA GERAL
Nota geral 18 illus.
942 ## - ADDED ENTRY ELEMENTS (KOHA)
Koha item type Analítica
650 ## - ASSUNTO - THESAGRO
Cabeçalho tópico ou nome geográfico VASO DE PLANTA
650 ## - ASSUNTO - THESAGRO
Cabeçalho tópico ou nome geográfico CASA DE VEGETAÇÃO
650 ## - ASSUNTO - THESAGRO
Cabeçalho tópico ou nome geográfico JARDIM
650 ## - ASSUNTO - THESAGRO
Cabeçalho tópico ou nome geográfico IRRIGAÇÃO LOCALIZADA
650 ## - ASSUNTO - THESAGRO
Cabeçalho tópico ou nome geográfico EQUIPAMENTO DE IRRIGAÇÃO
773 0# - ENTRADA ANALÍTICA
Host Biblionumber 4820
Registro do item 344749
Imprenta Votuporanga/SP IRRIGAZINE 2009
Outro identificador 2024-5079
Título Irrigazine (Brazil)
Colação v. 10(38) p. 16-22; (Sep 2014)
Número de controle de registro BR2024003916

Nenhum exemplar disponível.

BINAGRI

Telefone: (61)3218-2567/2388/3357/2097 - binagri@agro.gov.br

Ministério da Agricultura e Pecuária , Esplanada dos Ministérios, Bloco D, Anexo B, Brasília/DF, CEP: 70.043-900